<?xml version="1.0" encoding="UTF-8"?><?xml-stylesheet type="text/xsl" href="static/style.xsl"?><OAI-PMH xmlns="http://www.openarchives.org/OAI/2.0/" xmlns:xsi="http://www.w3.org/2001/XMLSchema-instance" xsi:schemaLocation="http://www.openarchives.org/OAI/2.0/ http://www.openarchives.org/OAI/2.0/OAI-PMH.xsd"><responseDate>2026-06-05T18:07:52Z</responseDate><request verb="GetRecord" identifier="oai:riuma.uma.es:10630/34084" metadataPrefix="marc">https://riuma.uma.es/rest/oai/request</request><GetRecord><record><header><identifier>oai:riuma.uma.es:10630/34084</identifier><datestamp>2026-02-03T10:56:25Z</datestamp><setSpec>com_10630_2254</setSpec><setSpec>col_10630_37953</setSpec></header><metadata><record xmlns="http://www.loc.gov/MARC21/slim" xmlns:dcterms="http://purl.org/dc/terms/" xmlns:doc="http://www.lyncode.com/xoai" xmlns:xsi="http://www.w3.org/2001/XMLSchema-instance" xsi:schemaLocation="http://www.loc.gov/MARC21/slim http://www.loc.gov/standards/marcxml/schema/MARC21slim.xsd">
   <leader>00925njm 22002777a 4500</leader>
   <datafield ind2=" " ind1=" " tag="042">
      <subfield code="a">dc</subfield>
   </datafield>
   <datafield ind2=" " ind1=" " tag="720">
      <subfield code="a">Leiva Rebollo, Rocío</subfield>
      <subfield code="e">author</subfield>
   </datafield>
   <datafield ind2=" " ind1=" " tag="720">
      <subfield code="a">Labella Vera, Alejandro Manuel</subfield>
      <subfield code="e">author</subfield>
   </datafield>
   <datafield ind2=" " ind1=" " tag="720">
      <subfield code="a">Jiménez Valverde, Estefanía</subfield>
      <subfield code="e">author</subfield>
   </datafield>
   <datafield ind2=" " ind1=" " tag="720">
      <subfield code="a">Castro-López, María Dolores</subfield>
      <subfield code="e">author</subfield>
   </datafield>
   <datafield ind2=" " ind1=" " tag="720">
      <subfield code="a">Borrego-García, Juan José</subfield>
      <subfield code="e">author</subfield>
   </datafield>
   <datafield ind2=" " ind1=" " tag="260">
      <subfield code="c">2020-02-21</subfield>
   </datafield>
   <datafield ind2=" " ind1=" " tag="520">
      <subfield code="a">Lymphocystis disease virus (LCDV), the causative agent of lymphocystis disease (LCD), is a waterborne pathogen that uses&#xd;
the external surfaces, including the gills, as portals to gain access to fsh host. However, there are no data on LCDV persistence in the aquatic environment. In this study, the persistence of LCDV in natural (raw), treated (autoclaved and fltered)&#xd;
and synthetic seawater held at 22 and 18 °C has been evaluated. The estimated T99 values for LCDV in seawater ranged&#xd;
from 2.7 to 242 days depending on seawater type and temperature, with the highest value recorded at 22 °C in autoclaved&#xd;
seawater. Microbiota and temperature seem to be the main factors afecting the persistence of LCDV in seawater. The results&#xd;
indicated that LCDV is more stable in treated seawater than most of the fsh pathogenic viruses studied so far, supporting&#xd;
the relevance of this medium for the prevalence of LCD in fsh farms.</subfield>
   </datafield>
   <datafield ind1="8" ind2=" " tag="024">
      <subfield code="a">Leiva-Rebollo, R., Labella, A.M., Valverde, E.J. et al. Persistence of Lymphocystis Disease Virus (LCDV) in Seawater. Food Environ Virol 12, 174–179 (2020). https://doi.org/10.1007/s12560-020-09420-6</subfield>
   </datafield>
   <datafield ind1="8" ind2=" " tag="024">
      <subfield code="a">https://hdl.handle.net/10630/34084</subfield>
   </datafield>
   <datafield ind1="8" ind2=" " tag="024">
      <subfield code="a">10.1007/s12560-020-09420-6</subfield>
   </datafield>
   <datafield tag="653" ind2=" " ind1=" ">
      <subfield code="a">Peces - Enfermedades por virus</subfield>
   </datafield>
   <datafield ind2="0" ind1="0" tag="245">
      <subfield code="a">Persistence of Lymphocystis Disease Virus (LCDV) in Seawater</subfield>
   </datafield>
</record>
</metadata></record></GetRecord></OAI-PMH>